000 01203cam a2200349 a 4500
003 CO-BoRNBP
005 20230511222723.0
007 ta
008 040703s2004 ck a r 00010dspa d
020 _a9588160693
040 _aCO-BoRNBP
_bspa
_erda
_cCO-BoRNBP
041 0 _aspa
082 0 4 _a133.3
_bE13n
100 1 0 _aEcheverri Uruburu, Gonzalo
_91996
245 1 0 _aNostradamus y la guerra Islam-Occidente
_cGonzalo Echeverri Uruburu ; investigación gráfica Juan David Giraldo ; editor Benjamín Villegas
250 _a1a. ed.
264 _aBogotá
_bVillegas Editores
_c2004
300 _a333 páginas
_bilustraciones
_c21 cm.
336 _atexto
_btxt
_2rdacontent
337 _asin mediación
_bn
_2rdamedia
338 _avolumen
_bnc
_2rdacarrier
490 _aColección dorada. Interés general
490 _aVillegas parapsicología
500 _aDonación Villegas Editores
504 _aIncluye bibliografía
600 1 4 _aNotredame, Michel de
_d1503-1566
_xProfecías
_91997
650 1 4 _aProfecías
_2LEMB
_91998
650 1 4 _aPredicciones
_2LEMB
_91999
700 1 0 _aGiraldo, Juan David.
_9255
700 1 0 _aVillegas, Benjamín
_d1948-
_eeditor
_9597
942 _2ddc
_cBK
999 _c9537
_d9537